Normal view MARC view
  • Kaashoek, Marinus A

Entry Personal Name

Number of records used in: 1

001 - CONTROL NUMBER

  • control field: 7929

003 - CONTROL NUMBER IDENTIFIER

  • control field: OSt

005 - DATE AND TIME OF LATEST TRANSACTION

  • control field: 20260114105544.0

008 - FIXED-LENGTH DATA ELEMENTS

  • fixed length control field: 260114|| aca||aabn | a|a d

040 ## - CATALOGING SOURCE

  • Original cataloging agency: OSt
  • Transcribing agency: OSt

100 ## - HEADING--PERSONAL NAME

  • Personal name: Kaashoek, Marinus A

670 ## - SOURCE DATA FOUND

  • Source citation: Work cat.: (OSt)755072: Gohberg, Israel 7926, Basic classes of linear operators, 2003